00387nam a2200109Ia 4500008004100000082000800041100002600049245008400075942000600159952009700165999001500262240331s9999 xx 000 0 und d bDIS aDissanayaka, T.D.S.A. 0aWar or peace in Sri Lanka :ban in-depth account of the current quest for peace cL 001040708LaWERCLbWERCLcSSCd2024-03-31l0o 303.6 DISp5102r2024-03-31w2024-03-31yL c1394d1394